Obras completas [de Fedor Dostoievski] : 1866-1876 /

Nacido en Moscú en 1821 y fallecido en San Petersburgo en 1881, el escritor ruso Fedor Dostoievski creció en un ambiente familiar devoto y autoritario y aunque hubo de cursar estudios militares, ya en 1846 presentó su primer libro, la novela Pobres gentes. El autor ruso, aquejado permanentemente por...

Descripción completa

Guardado en:
Detalles Bibliográficos
Autor principal: Dostoievski, Fedor (autor)
Otros autores: Cansinos Assens, Rafael (traducción, prólogo y notas) (traducción, prólogo y notas)
Formato: Libro
Idioma:Español
Publicado: Madrid, España : Aguilar, 1990, c1966
Edición:9a edición
Colección:(Obras Eternas)
Temas:
Etiquetas: Agrega una etiqueta
Sin etiquetas, Sé el primero en etiquetar este registro!

MARC

LEADER 00000nam^a2200000^a^4500
001 000095949
005 20250521000000.0
009 20260310092928.697
020 |a 84-03-00024-3 
037 |a Acervo ITESO - Biblioteca 
041 |a ESP 
082 |a 891. 7  |b DOS V. 2 
100 |a Dostoievski, Fedor  |e (autor) 
240 1 1 |a [Obras completas de Fedor Dostoievski] 
245 1 0 |a Obras completas [de Fedor Dostoievski] :  |b 1866-1876 /  |c F. Dostoievski ; tr., pról. y notas de R. Cansinos Assens. 
250 |a 9a edición 
264 4 |a Madrid, España :  |b Aguilar,  |c 1990, c1966 
300 |a 1927 p. 
336 |a texto  |b txt  |2 rdacontenido 
337 |a sin mediación  |b n  |2 rdamedio 
338 |a volumen  |b nc  |2 rdasoporte 
440 1 |a (Obras Eternas) 
520 |a Nacido en Moscú en 1821 y fallecido en San Petersburgo en 1881, el escritor ruso Fedor Dostoievski creció en un ambiente familiar devoto y autoritario y aunque hubo de cursar estudios militares, ya en 1846 presentó su primer libro, la novela Pobres gentes. El autor ruso, aquejado permanentemente por una salud frágil, desarrolló una obra que comprende varios títulos centrales para la narrativa decimonónica, como El doble (1846), Humillados y ofendidos (1862), Apuntes del subsuelo (1865), Crimen y castigo (1866), El idiota (1868-1869), Los demonios (1873), El adolescente (1875) y Los hermanos Karamazov (1879-1880), su última novela. También autor de Noches blancas (1848), La aldea de Stépanchikovo y sus moradores (1859), El sueño del tío (1859), Recuerdos de la casa de los muertos (1861-1862) y El jugador (1867). Dostoievski creó un corpus literario narrativamente muy complejo, que lo revela como un gran conocedor del alma humana y le permite perfilar personajes de profundidad cierta, titubeantes y angustiados ante dilemas éticos y religiosos. 
649 |a XX 
650 |a Novela Rusa 
650 |a Literatura Rusa -  |y Siglo XIX 
700 |a Cansinos Assens, Rafael  |e (traducción, prólogo y notas) 
910 |a Fondo General 
920 |a Impresos - Libros 
930 |a Colección General 
940 |a Literatura 
905 |a 101 
901 |a 0500031936  |b IT1  |c LIT  |u 20250521 
902 |a https://opac.biblio.iteso.mx/vufind/Record/000095949